| 000 | 00899nam a2200265Ia 4500 | ||
|---|---|---|---|
| 003 | OSt | ||
| 005 | 20220930072755.0 | ||
| 006 | a|||||r|||| 00| 0 | ||
| 007 | ta | ||
| 008 | 220926b |||||||| |||| 00| 0 eng d | ||
| 024 | _a24921 | ||
| 037 | _cTheses | ||
| 040 |
_aCRL _cCRL _beng |
||
| 041 |
_2eng _aeng |
||
| 100 |
_aVerma Pramod Kumar _9530397 |
||
| 110 |
_aUniversity of Delhi. National Institute of Health and Family Welfare. Department of Epidemiology _9528604 |
||
| 245 | 0 | _aEpidemiological study of accidents among rural population | |
| 260 | _c1998 | ||
| 300 |
_a117p. _ap. _ccm. |
||
| 650 |
_aEPIDEMIOLOGY _934338 |
||
| 700 | _a Dr Indira Murali Supervisor | ||
| 700 |
_aUniversity of Delhi. National Institute of Health and Family Welfare. Department of Epidemiology _9528606 |
||
| 942 |
_cDIS _2CC |
||
| 999 |
_c864294 _d864294 |
||